[Event "L. Polugaevsky Memorial 2012"]
[Site "Samara"]
[Date "2012.07.11"]
[Round "7.49"]
[White "Kiryushova, Dariya"]
[Black "Alieva, Viktoria"]
[Result "1/2-1/2"]
[WhiteElo "1617"]
[BlackElo "1443"]
[PlyCount "57"]
[EventDate "2012.07.05"]

1. e4 c5 2. Nf3 Nc6 3. d4 cxd4 4. Nxd4 e5 5. Nxc6 bxc6 6. Bc4 Nf6 7. Bg5 Be7 8.
O-O Nxe4 9. Bxe7 Qxe7 10. Qg4 Nf6 11. Qxg7 Rg8 12. Qh6 d5 13. Bb3 Bf5 14. Re1
Rg6 15. Qe3 Ng4 16. Qf3 Be4 17. Qh3 Nxf2 18. Kxf2 Rxg2+ 19. Qxg2 Bxg2 20. Kxg2
Qg5+ 21. Kf2 Qh4+ 22. Kf1 Qxh2 23. Nc3 f6 24. Rad1 Ke7 25. Re2 Qh1+ 26. Kf2
Qh2+ 27. Kf1 Qh1+ 28. Kf2 Qh2+ 29. Kf1 1/2-1/2

[Event "L. Polugaevsky Memorial 2012"]
[Site "Samara"]
[Date "2012.07.12"]
[Round "8.1"]
[White "Goganov, Aleksey"]
[Black "Fedorov, Alexei"]
[Result "1-0"]
[WhiteElo "2509"]
[BlackElo "2562"]
[PlyCount "82"]
[EventDate "2012.07.05"]

1. c4 g6 2. d4 Bg7 3. Nc3 Nf6 4. e4 d6 5. Nf3 O-O 6. Be2 Bg4 7. Be3 Nfd7 8. Rc1
e5 9. d5 a5 10. O-O Na6 11. Nd2 Bxe2 12. Qxe2 f5 13. exf5 gxf5 14. f4 Qe7 15.
fxe5 dxe5 16. g4 f4 17. Bxf4 Qb4 18. Be3 Qxb2 19. Nce4 Rxf1+ 20. Rxf1 Qxa2 21.
g5 Rf8 22. Qg4 Qa3 23. Bf2 Qe7 24. Qe6+ Rf7 25. h4 Nf8 26. Qc8 Nb4 27. Qxb7 Nd3
28. Bg3 Nf4 29. Qb5 Qa3 30. Qb3 Qe7 31. c5 Ne2+ 32. Kg2 Nxg3 33. Kxg3 Qe8 34.
d6 Ne6 35. dxc7 Rxc7 36. Nd6 Qe7 37. Rf7 Qxf7 38. Nxf7 Kxf7 39. Ne4 Bf8 40. g6+
Ke7 41. gxh7 Bg7 1-0

[Event "L. Polugaevsky Memorial 2012"]
[Site "Samara"]
[Date "2012.07.12"]
[Round "8.2"]
[White "Kovalenko, Igor"]
[Black "Timofeev, Artyom"]
[Result "1/2-1/2"]
[WhiteElo "2556"]
[BlackElo "2641"]
[PlyCount "144"]
[EventDate "2012.07.05"]

1. d4 d5 2. Nf3 Nf6 3. c4 dxc4 4. e3 e6 5. Bxc4 c5 6. O-O a6 7. dxc5 Bxc5 8.
Qxd8+ Kxd8 9. Be2 Ke7 10. Nbd2 Bd7 11. b3 Bb5 12. Nc4 Nc6 13. Bb2 Rhd8 14. Rfc1
Rac8 15. Kf1 Kf8 16. Rab1 Nb4 17. a4 Bc6 18. Ba3 Be4 19. Nb6 Bxb6 20. Bxb4+ Ke8
21. Ra1 Rc2 22. a5 Ba7 23. Ne1 Rcc8 24. Nf3 Rc2 25. Bc4 Nd5 26. Rxc2 Bxc2 27.
Ba3 Be4 28. Ng5 Bg6 29. Ke2 Nc3+ 30. Ke1 Bb1 31. Be2 h6 32. Bb2 Nxe2 33. Rxb1
Nd4 34. Ne4 f5 35. Nd2 Nc2+ 36. Ke2 g6 37. Rc1 Nb4 38. Bf6 Rd7 39. Rc8+ Kf7 40.
Bc3 Nd5 41. Be5 g5 42. Nc4 b5 43. axb6 Nxb6 44. Rc6 Nd5 45. Rxa6 Bc5 46. Ba1
Ke7 47. h3 Rb7 48. Na5 Rb5 49. Bd4 Nb4 50. Bxc5+ Rxc5 51. Ra7+ Kf6 52. Nc4 Rb5
53. g3 f4 54. g4 Rb8 55. Rh7 Kg6 56. Rd7 Kf6 57. exf4 gxf4 58. h4 Nd5 59. Nd2
Ra8 60. Kf3 Ra1 61. Ne4+ Ke5 62. Nc5 Rh1 63. Nd3+ Kf6 64. Nxf4 Nxf4 65. Kxf4
Rxh4 66. Rd1 h5 67. f3 hxg4 68. Kg3 Kg5 69. f4+ Kh5 70. Kg2 Kg6 71. Kg3 Kh5 72.
Kg2 Kg6 1/2-1/2

[Event "L. Polugaevsky Memorial 2012"]
[Site "Samara"]
[Date "2012.07.12"]
[Round "8.3"]
[White "Smirnov, Pavel"]
[Black "Kabanov, Nikolai"]
[Result "0-1"]
[WhiteElo "2592"]
[BlackElo "2496"]
[PlyCount "88"]
[EventDate "2012.07.05"]

1. d4 Nf6 2. c4 d6 3. Nf3 g6 4. g3 Bg7 5. Bg2 O-O 6. O-O c6 7. Nc3 Qb6 8. b3 e5
9. d5 cxd5 10. Nxd5 Nxd5 11. Qxd5 e4 12. Be3 exf3 13. Bxb6 fxg2 14. Kxg2 axb6
15. Rad1 Rxa2 16. Qxd6 Rxe2 17. Rfe1 Rxe1 18. Rxe1 Nc6 19. Qc7 Bd4 20. h4 h5
21. Rd1 Bc5 22. Ra1 Nd4 23. Ra8 Bh3+ 24. Kxh3 Rxa8 25. Qxb7 Rf8 26. b4 Bxb4 27.
Qxb6 Bc3 28. g4 hxg4+ 29. Kxg4 Ne6 30. h5 gxh5+ 31. Kxh5 Rc8 32. Qa6 Rc5+ 33.
Kg4 Rg5+ 34. Kf3 Bd4 35. Ke2 Re5+ 36. Kd1 Kg7 37. Qd6 Rc5 38. Qg3+ Kf8 39. Qb8+
Ke7 40. Qa7+ Kf6 41. Qa8 Bxf2 42. Qh8+ Ke7 43. Qh2 Bd4 44. Qh4+ Ke8 0-1

[Event "L. Polugaevsky Memorial 2012"]
[Site "Samara"]
[Date "2012.07.12"]
[Round "8.4"]
[White "Yemelin, Vasily"]
[Black "Predke, Alexandr"]
[Result "1/2-1/2"]
[WhiteElo "2577"]
[BlackElo "2464"]
[PlyCount "147"]
[EventDate "2012.07.05"]

1. e4 e5 2. Nf3 Nc6 3. Bb5 a6 4. Ba4 Nf6 5. O-O Be7 6. d3 b5 7. Bb3 d6 8. c3
O-O 9. Re1 Na5 10. Bc2 c5 11. Nbd2 Nc6 12. Nf1 Re8 13. h3 h6 14. Ng3 Bf8 15. d4
cxd4 16. cxd4 exd4 17. Nxd4 Nxd4 18. Qxd4 Bb7 19. Bf4 d5 20. e5 Ne4 21. Nxe4
dxe4 22. Qe3 Rc8 23. Bxe4 Bxe4 24. Qxe4 Rc4 25. Qf3 Qd4 26. b3 Rc3 27. Rad1
Rxf3 28. Rxd4 Bc5 29. gxf3 Bxd4 30. Bg3 g5 31. Re4 Bc3 32. h4 gxh4 33. Rxh4 Kh7
34. Kg2 f6 35. exf6 Bxf6 36. Re4 Re7 37. Bd6 Rg7+ 38. Bg3 Re7 39. Bd6 Rg7+ 40.
Kh3 Kg6 41. Re8 Rd7 42. Bc5 Rc7 43. Be3 Rc6 44. Kg4 h5+ 45. Kf4 Kf7 46. Ra8 Re6
47. Kf5 Re5+ 48. Kf4 Re6 49. a4 bxa4 50. bxa4 Kg6 51. Rg8+ Kf7 52. Ra8 Kg6 53.
Kg3 Rc6 54. f4 Kf5 55. Kf3 Kg6 56. Rg8+ Kf7 57. Ra8 Kg6 58. Ra7 Bc3 59. Rd7 a5
60. Ke4 Re6+ 61. Kf3 Rc6 62. Ke4 Re6+ 63. Kd3 Bb4 64. Ke2 Rd6 65. Rb7 Rc6 66.
Kf3 Rc4 67. Rb6+ Kf7 68. f5 Be7 69. Bd2 Rxa4 70. Rb7 Ke8 71. Rb8+ Kf7 72. Rb7
Ke8 73. Rb8+ Kf7 74. Rb7 1/2-1/2

[Event "L. Polugaevsky Memorial 2012"]
[Site "Samara"]
[Date "2012.07.12"]
[Round "8.6"]
[White "Vokarev, Sergey"]
[Black "Nakhapetiane, Pogos"]
[Result "1/2-1/2"]
[WhiteElo "2437"]
[BlackElo "2497"]
[PlyCount "57"]
[EventDate "2012.07.05"]

1. e4 e5 2. Nf3 Nc6 3. Bb5 a6 4. Bxc6 dxc6 5. Nc3 Bc5 6. d3 Bg4 7. h3 Bxf3 8.
Qxf3 Ne7 9. Be3 Qd6 10. O-O O-O 11. Rad1 Bd4 12. Bxd4 Qxd4 13. Rfe1 Rad8 14.
Qe3 c5 15. Ne2 Qd6 16. b3 Nc6 17. a4 Rfe8 18. Qd2 Rd7 19. Ng3 Nd4 20. Nf5 Qf6
21. Nxd4 cxd4 22. Rf1 Qf4 23. g3 Qf3 24. Rde1 Re6 25. Qe2 Qxe2 26. Rxe2 Rde7
27. Rfe1 Rd7 28. Rf1 Rde7 29. Rfe1 1/2-1/2

[Event "L. Polugaevsky Memorial 2012"]
[Site "Samara"]
[Date "2012.07.12"]
[Round "8.7"]
[White "Dvoirys, Semen I"]
[Black "Kopylov, Alexander A"]
[Result "1/2-1/2"]
[WhiteElo "2580"]
[BlackElo "2446"]
[PlyCount "80"]
[EventDate "2012.07.05"]

1. c4 e6 2. g3 d5 3. Bg2 Nf6 4. Nf3 Be7 5. O-O O-O 6. d4 dxc4 7. Ne5 Nc6 8.
Nxc6 bxc6 9. Qa4 Qxd4 10. Nc3 Rb8 11. Rd1 Qc5 12. Be3 Qh5 13. Bxa7 Rxb2 14.
Qxc6 Qa5 15. Bd4 Bb7 16. Qa4 Qxa4 17. Nxa4 Rb4 18. Bxb7 Rxb7 19. Rdc1 Ne4 20.
Rxc4 Nd6 21. Nc5 Rb5 22. a4 Nxc4 23. axb5 Nd6 24. b6 cxb6 25. Nd7 Rd8 26. Nxb6
Ne4 27. Be3 Nc3 28. Kf1 Bf6 29. Ra7 Nd5 30. Nxd5 Rxd5 31. Ra8+ Rd8 32. Rxd8+
Bxd8 33. Kg2 f5 34. h3 h5 35. f3 Kf7 36. g4 fxg4 37. fxg4 hxg4 38. hxg4 Bc7 39.
Kf3 Be5 40. Ke4 Bc3 1/2-1/2

[Event "L. Polugaevsky Memorial 2012"]
[Site "Samara"]
[Date "2012.07.12"]
[Round "8.8"]
[White "Dimukhametov, Artur"]
[Black "Khismatullin, Denis"]
[Result "0-1"]
[WhiteElo "2355"]
[BlackElo "2664"]
[PlyCount "100"]
[EventDate "2012.07.05"]

1. d4 e6 2. c4 b6 3. a3 Bb7 4. Nc3 f5 5. d5 Nf6 6. g3 g6 7. Bg2 Bg7 8. Nh3 O-O
9. O-O Na6 10. Be3 c6 11. dxe6 dxe6 12. Qxd8 Raxd8 13. Ng5 Rfe8 14. Rad1 Nc7
15. Rxd8 Rxd8 16. Bf4 Nfe8 17. Nf3 c5 18. Ne5 Bxg2 19. Kxg2 Rd4 20. h4 Bf6 21.
Rd1 Rxd1 22. Nxd1 Kg7 23. b4 cxb4 24. axb4 b5 25. Nb2 bxc4 26. Nbxc4 Nd5 27.
Nc6 Nxf4+ 28. gxf4 a6 29. Kg3 Bc3 30. f3 Nf6 31. Nb8 Bxb4 32. Nxa6 Be1+ 33. Kg2
Nd5 34. e3 Bxh4 35. Nc5 Nc7 36. e4 Be7 37. Nd7 Nb5 38. Nde5 Nc3 39. Nc6 Bc5 40.
Nd8 Kf6 41. Ne5 Be3 42. Ndc6 Ne2 43. Nd7+ Kg7 44. Nd8 Nxf4+ 45. Kg3 h5 46. exf5
exf5 47. Nb7 Nd3 48. Nd8 g5 49. Ne6+ Kf7 50. Nc7 Bf4+ 0-1

[Event "L. Polugaevsky Memorial 2012"]
[Site "Samara"]
[Date "2012.07.12"]
[Round "8.11"]
[White "Zhurikhin, Alexander"]
[Black "Gabrielian, Artur"]
[Result "0-1"]
[WhiteElo "2240"]
[BlackElo "2594"]
[PlyCount "62"]
[EventDate "2012.07.05"]

1. e4 c5 2. Nf3 e6 3. c4 Nc6 4. Nc3 Nd4 5. a3 Ne7 6. Nxd4 cxd4 7. Ne2 Nc6 8. d3
b5 9. b4 Rb8 10. Ng3 a5 11. cxb5 Rxb5 12. bxa5 Nxa5 13. Qa4 Qb6 14. Be2 h5 15.
Bd1 Ba6 16. O-O Nb3 17. Rb1 Nxc1 18. Rxc1 h4 19. Ne2 Bc5 20. Rxc5 Rxc5 21. Qxd4
O-O 22. Qe3 Rc6 23. Qh3 e5 24. Ba4 Rd6 25. Nc1 Rc8 26. Bxd7 Rc3 27. Bg4 Qc5 28.
Ne2 Rcxd3 29. Qxh4 Rd1 30. g3 Rxf1+ 31. Kxf1 Rf6 0-1

[Event "L. Polugaevsky Memorial 2012"]
[Site "Samara"]
[Date "2012.07.12"]
[Round "8.12"]
[White "Frolyanov, Dmitry"]
[Black "Bochkarev, Alexey"]
[Result "1/2-1/2"]
[WhiteElo "2564"]
[BlackElo "2410"]
[PlyCount "82"]
[EventDate "2012.07.05"]

1. e4 e6 2. d4 d5 3. Nc3 dxe4 4. Nxe4 Nd7 5. Nf3 Ngf6 6. Nxf6+ Nxf6 7. Be3 Be7
8. Bd3 b6 9. Ne5 Bb7 10. Bb5+ c6 11. Bxc6+ Bxc6 12. Nxc6 Qd5 13. Qf3 Qxf3 14.
gxf3 Bd6 15. Ne5 Rc8 16. O-O-O Nd5 17. Rhg1 f6 18. Nd3 Kf7 19. h3 Rc7 20. Kb1
a5 21. Bd2 Rc4 22. c3 Rc6 23. Rge1 Rhc8 24. Re2 b5 25. a3 Ra6 26. Rde1 Bf8 27.
Nf4 Nxf4 28. Bxf4 Rd8 29. Kc2 Rc6 30. Kd3 Rd5 31. Be3 a4 32. Rc2 Rc4 33. b3
axb3 34. Rb2 Ra4 35. Rxb3 Rxa3 36. Rxa3 Bxa3 37. Ra1 Bd6 38. Ra7+ Kg6 39. Rb7
Ba3 40. Ke2 Bd6 41. Kd3 Rf5 1/2-1/2

[Event "L. Polugaevsky Memorial 2012"]
[Site "Samara"]
[Date "2012.07.12"]
[Round "8.13"]
[White "Iskusnyh, Sergei"]
[Black "Shaposhnikov, Evgeny"]
[Result "1/2-1/2"]
[WhiteElo "2478"]
[BlackElo "2545"]
[PlyCount "82"]
[EventDate "2012.07.05"]

1. d4 Nf6 2. c4 e6 3. g3 Bb4+ 4. Bd2 Be7 5. Bg2 d5 6. Nf3 O-O 7. O-O c6 8. Qc2
b6 9. Bf4 Bb7 10. Rd1 Nbd7 11. Ne5 Nxe5 12. dxe5 Nd7 13. cxd5 cxd5 14. e4 dxe4
15. Nc3 Qc8 16. Bxe4 Nc5 17. Bxb7 Qxb7 18. b4 Nd7 19. Qe4 Rab8 20. Rd4 b5 21.
Qxb7 Rxb7 22. Rad1 Nb6 23. Nxb5 Nd5 24. Nd6 Rxb4 25. Rxb4 Nxb4 26. Rb1 Nd5 27.
Rb7 Ra8 28. Bd2 f6 29. Nc4 Rc8 30. exf6 gxf6 31. Ne3 Rc7 32. Rb5 Nb6 33. Kf1
Kf7 34. Ke2 Bc5 35. Rb2 f5 36. Rc2 Rc8 37. f4 Ke8 38. Kd3 Kd7 39. Nc4 Nxc4 40.
Rxc4 Rc6 41. Bc3 a6 1/2-1/2

[Event "L. Polugaevsky Memorial 2012"]
[Site "Samara"]
[Date "2012.07.12"]
[Round "8.14"]
[White "Iljushin, Alexei"]
[Black "Artamonov, Valery"]
[Result "1/2-1/2"]
[WhiteElo "2517"]
[BlackElo "2211"]
[PlyCount "109"]
[EventDate "2012.07.05"]

1. d4 Nf6 2. Nf3 c5 3. d5 b5 4. c4 Bb7 5. Qc2 Na6 6. a3 bxc4 7. e4 e6 8. Bxc4
exd5 9. exd5 Nc7 10. Nc3 Ncxd5 11. Nxd5 Bxd5 12. Bxd5 Nxd5 13. O-O Be7 14. Re1
Rc8 15. Qf5 Nf6 16. Bh6 Kf8 17. Bg5 h6 18. Bh4 g6 19. Qe5 Rc6 20. Rad1 Re6 21.
Qc3 Rxe1+ 22. Rxe1 Kg7 23. Qe5 Bf8 24. Rd1 Be7 25. h3 d6 26. Qc3 Re8 27. Ne5
Qc8 28. Nc4 Rd8 29. Rxd6 Rxd6 30. Nxd6 Qd7 31. Nc4 g5 32. Bg3 Kg8 33. Qb3 Ne4
34. Be5 Bf8 35. f3 Nd2 36. Qd1 Qe6 37. Qxd2 Qxc4 38. Qd8 Qe6 39. Bc3 f5 40. Kf1
a6 41. Qc7 Be7 42. Kf2 h5 43. Be5 h4 44. f4 g4 45. Qb7 gxh3 46. gxh3 Kf7 47.
Ke3 Qc4 48. Qg2 Qc1+ 49. Kd3 Qd1+ 50. Kc4 Qa4+ 51. Kd3 Qd1+ 52. Kc3 Qe1+ 53.
Kd3 Qd1+ 54. Kc3 Qe1+ 55. Kd3 1/2-1/2

[Event "L. Polugaevsky Memorial 2012"]
[Site "Samara"]
[Date "2012.07.12"]
[Round "8.15"]
[White "Bocharov, Dmitry"]
[Black "Fatkhutdinov, Gafiyat"]
[Result "1-0"]
[WhiteElo "2600"]
[BlackElo "2354"]
[PlyCount "73"]
[EventDate "2012.07.05"]

1. d4 d5 2. c4 c6 3. Nf3 Nf6 4. Qc2 e6 5. g3 Nbd7 6. Bg2 Bd6 7. O-O O-O 8. Bg5
h6 9. Bxf6 Qxf6 10. Nc3 Qe7 11. c5 Bc7 12. e4 f5 13. exd5 exd5 14. Rfe1 Qf7 15.
Ne2 Qh5 16. Nf4 Bxf4 17. gxf4 Rf6 18. Ne5 Nf8 19. Re3 Qh4 20. Nd3 Ne6 21. Rh3
Qg4 22. Qd2 Nxd4 23. Kh1 Qe2 24. Qc3 Nb5 25. Qa5 Qe8 26. Re1 Re6 27. Ne5 Re7
28. Bf3 Bd7 29. Rh5 Qd8 30. Qd2 Be8 31. Bd1 Nc7 32. Rg1 Kh7 33. Qd3 Bd7 34. Qg3
Qe8 35. Bc2 Be6 36. Qh4 Qf8 37. Ng6 1-0

[Event "L. Polugaevsky Memorial 2012"]
[Site "Samara"]
[Date "2012.07.12"]
[Round "8.16"]
[White "Geller, Jakov"]
[Black "Sukhareva, Evgeniya"]
[Result "1-0"]
[WhiteElo "2555"]
[BlackElo "2259"]
[PlyCount "65"]
[EventDate "2012.07.05"]

1. d4 d5 2. c4 e6 3. Nf3 Nf6 4. e3 a6 5. Nbd2 c5 6. dxc5 dxc4 7. Bxc4 Bxc5 8.
a3 b5 9. Be2 Bb7 10. b4 Bd6 11. Bb2 Qe7 12. Nb3 O-O 13. O-O Rd8 14. Qb1 Nbd7
15. Na5 Be4 16. Bd3 Bxf3 17. gxf3 Ne5 18. Bxe5 Bxe5 19. Nc6 Qd6 20. Nxd8 Bxa1
21. Rd1 Qe5 22. Nxf7 Kxf7 23. Qxa1 Qg5+ 24. Kh1 Qh5 25. Bf1 Rc8 26. Bg2 Rc2 27.
Kg1 Qh4 28. Rf1 Qc4 29. Qe5 Qc3 30. Qd6 Qxa3 31. Bh3 Qa2 32. e4 Re2 33. Bxe6+
1-0

[Event "L. Polugaevsky Memorial 2012"]
[Site "Samara"]
[Date "2012.07.12"]
[Round "8.19"]
[White "Mirzoeva, Elmira"]
[Black "Virovlansky, Semen"]
[Result "1-0"]
[WhiteElo "2251"]
[BlackElo "2471"]
[PlyCount "85"]
[EventDate "2012.07.05"]

1. d4 Nf6 2. c4 c5 3. d5 b5 4. cxb5 a6 5. e3 g6 6. Nc3 Bg7 7. Nf3 O-O 8. e4 d6
9. a4 Nbd7 10. Ra3 axb5 11. Bxb5 Ba6 12. Bxa6 Rxa6 13. O-O Qa8 14. Nd2 Rc8 15.
Nc4 Nb6 16. b3 Nxc4 17. bxc4 Nd7 18. Bd2 Nb6 19. Qb3 Rb8 20. Rb1 Bxc3 21. Qxc3
Rxa4 22. Rab3 Nd7 23. Rxb8+ Nxb8 24. Bh6 f6 25. Qh3 f5 26. Qc3 Kf7 27. Qg7+ Ke8
28. Qxh7 Rb4 29. Qxg6+ Kd8 30. Rc1 Qa4 31. Bg5 Rxc4 32. Qxd6+ Kc8 33. Qe6+ Kb7
34. Qxe7+ Nd7 35. Rf1 Rxe4 36. Qd6 Kc8 37. h4 c4 38. h5 c3 39. h6 c2 40. h7 Re8
41. Qe6 Rf8 42. Rc1 f4 43. Bf6 1-0

[Event "L. Polugaevsky Memorial 2012"]
[Site "Samara"]
[Date "2012.07.12"]
[Round "8.20"]
[White "Rozhko, Dmitry"]
[Black "Natacheev, Peter"]
[Result "0-1"]
[WhiteElo "2406"]
[BlackElo "2242"]
[PlyCount "152"]
[EventDate "2012.07.05"]

1. d4 g6 2. Nf3 Bg7 3. c3 d5 4. Bf4 Nf6 5. h3 O-O 6. e3 Bf5 7. Nbd2 Ne4 8. Nxe4
Bxe4 9. Be2 Nd7 10. O-O c5 11. Qb3 cxd4 12. exd4 Qb6 13. Rfe1 a6 14. Nd2 Qxb3
15. axb3 Bf5 16. Bf3 Be6 17. b4 Rfc8 18. Nb3 b6 19. Ra3 Ra7 20. Rea1 Rca8 21.
Be2 Bf5 22. Rxa6 Rxa6 23. Rxa6 Rxa6 24. Bxa6 Bc2 25. Nc1 Kf8 26. Bb5 Nf6 27.
Bc7 Bh6 28. Ne2 Ne4 29. Bxb6 Nd6 30. Ba6 Ke8 31. Bc5 Nc4 32. b5 Bd3 33. b6 Bxe2
34. b7 Bf4 35. Ba7 Bd3 36. Bb5+ Kf8 37. b3 Nb2 38. Bc6 Nd1 39. Bxd5 Nxc3 40.
Bf3 Nb5 41. b8=Q+ Bxb8 42. Bxb8 Nxd4 43. Bd5 e6 44. Bc4 Bxc4 45. bxc4 Ke7 46.
f4 Kd7 47. Be5 Nc6 48. Kf2 Na5 49. c5 Nb3 50. Bd6 Kc6 51. Ke3 Nxc5 52. Be5 Kd5
53. g4 Nd7 54. Bb2 f6 55. Bc3 e5 56. f5 Nb6 57. fxg6 hxg6 58. h4 Ke6 59. Kf3
Nd5 60. Bd2 f5 61. Bc1 Nf6 62. gxf5+ gxf5 63. Bb2 f4 64. Kg2 Kf5 65. Kh3 Nh5
66. Ba3 e4 67. Bc5 Nf6 68. Bb6 Ng4 69. h5 Kg5 70. Bc7 Nh6 71. Bb8 Nf5 72. Bc7
f3 73. Bb6 Kxh5 74. Bc5 Kg5 75. Bb6 Kf4 76. Bc7+ Ke3 0-1

[Event "L. Polugaevsky Memorial 2012"]
[Site "Samara"]
[Date "2012.07.12"]
[Round "8.24"]
[White "Shapiro, David"]
[Black "Palachev, Petr"]
[Result "0-1"]
[WhiteElo "2007"]
[BlackElo "2287"]
[PlyCount "98"]
[EventDate "2012.07.05"]

1. d4 Nf6 2. Nf3 e6 3. c4 d5 4. Nc3 c6 5. cxd5 exd5 6. Bg5 Be7 7. Qc2 O-O 8. e3
Nbd7 9. Bd3 Re8 10. O-O Nf8 11. Ne5 N6d7 12. Bxe7 Qxe7 13. Nxd7 Bxd7 14. Rab1
Qg5 15. Na4 Ng6 16. Nc5 Bg4 17. f4 Qe7 18. Rbe1 b6 19. Nb3 Bd7 20. f5 Nf8 21.
e4 dxe4 22. Bxe4 Qf6 23. Qc3 Re7 24. d5 Qxc3 25. bxc3 Rae8 26. dxc6 Bxc6 27.
Bxc6 Rxe1 28. Bxe8 Rxe8 29. Rd1 f6 30. c4 Rc8 31. Rd4 Kf7 32. a4 Ke7 33. a5
bxa5 34. Re4+ Kd7 35. Nxa5 Rc5 36. Rd4+ Kc7 37. Nb3 Rxf5 38. c5 Ne6 39. Ra4 Kb8
40. Rb4+ Kc7 41. Ra4 Kb7 42. Rb4+ Ka8 43. c6 a5 44. Ra4 Kb8 45. Nxa5 Kc7 46.
Re4 Rxa5 47. Rxe6 Re5 48. Rxe5 fxe5 49. Kf2 Kxc6 0-1

[Event "L. Polugaevsky Memorial 2012"]
[Site "Samara"]
[Date "2012.07.12"]
[Round "8.25"]
[White "Rotmistrov, Aleksandr"]
[Black "Iliushkin, Evgeny"]
[Result "0-1"]
[WhiteElo "1835"]
[BlackElo "2264"]
[PlyCount "54"]
[EventDate "2012.07.05"]

1. e4 c5 2. Nf3 e6 3. c4 Nc6 4. Nc3 Nd4 5. d3 Ne7 6. Nxd4 cxd4 7. Ne2 Nc6 8. g3
d5 9. cxd5 exd5 10. Bg2 dxe4 11. Bxe4 Bf5 12. Bg2 Bb4+ 13. Bd2 Be7 14. Nc1 O-O
15. O-O Qd7 16. Re1 Rfe8 17. Qb3 Bf6 18. Ne2 Rac8 19. Nf4 Bg5 20. Rac1 h5 21.
Qd5 Rxe1+ 22. Rxe1 Qxd5 23. Bxd5 Bxd3 24. Ne6 Bxd2 25. Rd1 Bf5 26. Bxc6 Bxe6
27. Bxb7 Rb8 0-1

[Event "L. Polugaevsky Memorial 2012"]
[Site "Samara"]
[Date "2012.07.12"]
[Round "8.26"]
[White "Purygin, Andrei"]
[Black "Komendatyan, Artyom"]
[Result "0-1"]
[WhiteElo "2249"]
[BlackElo "2036"]
[PlyCount "108"]
[EventDate "2012.07.05"]

1. d4 d5 2. c4 c6 3. Nf3 Nf6 4. Nc3 e6 5. Bg5 dxc4 6. e4 b5 7. e5 h6 8. Bh4 g5
9. Nxg5 hxg5 10. Bxg5 Be7 11. exf6 Bxf6 12. Bxf6 Qxf6 13. a4 Rh4 14. axb5 Rxd4
15. Qf3 Qxf3 16. gxf3 Bb7 17. Rg1 Kf8 18. Rg4 c5 19. Bxc4 Bxf3 20. Rg3 Bb7 21.
Be2 Nd7 22. Na4 a6 23. bxa6 Bxa6 24. Nc3 Bb7 25. Rxa8+ Bxa8 26. Rh3 Bc6 27. Nd1
Ke7 28. Rc3 Rh4 29. Ne3 f5 30. h3 Kf6 31. Nc4 Bd5 32. Ne3 Bc6 33. Nc2 Bd5 34.
Bb5 Ne5 35. Rxc5 Rxh3 36. b4 Rb3 37. Kd2 Be4 38. Ba4 Rb1 39. b5 Nd3 40. Rc3
Nxf2 41. Rb3 Rxb3 42. Bxb3 Nd3 43. b6 Nc5 44. Bc4 Ke5 45. Bb5 Kd6 46. Ne3 Nb7
47. Bd3 Bxd3 48. Kxd3 Kc5 49. Nc4 Nd6 50. Kc3 Kc6 51. Ne5+ Kxb6 52. Kd4 Kc7 53.
Ng6 Nf7 54. Kc5 Kd7 0-1

[Event "L. Polugaevsky Memorial 2012"]
[Site "Samara"]
[Date "2012.07.12"]
[Round "8.27"]
[White "Popov, Alexey"]
[Black "Sazonova, Elena N"]
[Result "0-1"]
[WhiteElo "2229"]
[BlackElo "2159"]
[PlyCount "64"]
[EventDate "2012.07.05"]

1. e4 c5 2. c4 Nc6 3. Nc3 g6 4. g3 Bg7 5. Bg2 d6 6. d3 Rb8 7. a3 a6 8. Rb1 Bd7
9. Nge2 e6 10. O-O Nge7 11. b4 O-O 12. bxc5 dxc5 13. Bf4 Ne5 14. Be3 b6 15. Qc2
Bc6 16. Rfd1 Qc7 17. h3 Ba8 18. f4 N5c6 19. e5 Nf5 20. Bf2 Rfd8 21. Qa4 Ncd4
22. Qxa6 Bxg2 23. Kxg2 Qc6+ 24. Kf1 Qf3 25. Ke1 Nc2+ 26. Kd2 Qxf2 27. Rf1 Qe3+
28. Kxc2 Qxd3+ 29. Kb2 Ne3 30. Rfc1 Nxc4+ 31. Ka1 Ra8 32. Rd1 Rxa6 0-1

[Event "L. Polugaevsky Memorial 2012"]
[Site "Samara"]
[Date "2012.07.12"]
[Round "8.28"]
[White "Smetanov, Nikolay"]
[Black "Khanin, Semen"]
[Result "1/2-1/2"]
[WhiteElo "2095"]
[BlackElo "2221"]
[PlyCount "103"]
[EventDate "2012.07.05"]

1. e4 c5 2. Nc3 e6 3. f4 d5 4. Nf3 Nc6 5. Bb5 Nge7 6. O-O a6 7. Bxc6+ Nxc6 8.
d3 Be7 9. Qe1 O-O 10. Qg3 d4 11. Nb1 f5 12. Nbd2 b5 13. a3 Bb7 14. exf5 exf5
15. Ne5 Qd5 16. Ndf3 Bf6 17. Bd2 Rae8 18. Rfe1 Re6 19. Nxc6 Rxc6 20. a4 c4 21.
Ne5 Re6 22. Qf3 Qxf3 23. Nxf3 Rxe1+ 24. Nxe1 c3 25. bxc3 dxc3 26. Be3 Bd5 27.
axb5 axb5 28. Ra5 Rb8 29. Kf2 Kf7 30. Ra7+ Ke6 31. Ra6+ Kd7 32. Bc5 Bc6 33. Ke2
b4 34. Rb6 Rxb6 35. Bxb6 Kd6 36. d4 Kd5 37. Nd3 Kc4 38. Ne5+ Bxe5 39. dxe5 b3
40. cxb3+ Kxb3 41. Bd4 Bxg2 42. e6 g6 43. e7 Bc6 44. h4 Kc2 45. Ke3 Bb5 46. Be5
h6 47. Bf6 Be8 48. Be5 Kb3 49. Bf6 g5 50. Bxc3 gxf4+ 51. Kd2 Kc4 52. Be5
1/2-1/2

[Event "L. Polugaevsky Memorial 2012"]
[Site "Samara"]
[Date "2012.07.12"]
[Round "8.29"]
[White "Klyuev, Alexander S"]
[Black "Gusarov, Aleksey"]
[Result "0-1"]
[WhiteElo "2191"]
[BlackElo "1877"]
[PlyCount "38"]
[EventDate "2012.07.05"]

1. e4 c6 2. d4 d5 3. Nc3 dxe4 4. Nxe4 Nd7 5. Bd3 Ngf6 6. Nxf6+ Nxf6 7. c3 g6 8.
Ne2 Bg7 9. O-O O-O 10. Qc2 Re8 11. Ng3 Qc7 12. Re1 e5 13. dxe5 Rxe5 14. Bd2
Rxe1+ 15. Rxe1 Be6 16. h4 Qd6 17. Bg5 Ng4 18. Be2 h6 19. Ne4 Qh2+ 0-1

[Event "L. Polugaevsky Memorial 2012"]
[Site "Samara"]
[Date "2012.07.12"]
[Round "8.30"]
[White "Aseeva, Anastasia"]
[Black "Bakin, Alexander"]
[Result "0-1"]
[WhiteElo "2012"]
[BlackElo "2176"]
[PlyCount "164"]
[EventDate "2012.07.05"]

1. d4 d5 2. c4 e6 3. Nc3 Be7 4. Nf3 Nf6 5. Bg5 h6 6. Bh4 O-O 7. e3 Nbd7 8. Bd3
dxc4 9. Bxc4 c5 10. O-O a6 11. a4 Nb6 12. Bd3 Nbd5 13. Rc1 cxd4 14. exd4 Bd7
15. Bb1 Qa5 16. Ne5 Rfd8 17. Nxd5 Qxd5 18. Rc7 Rac8 19. Rxc8 Bxc8 20. Nf3 Bd7
21. Re1 Bc6 22. Bg3 Qc4 23. b3 Qb4 24. Be5 Kf8 25. h3 Bd5 26. Re3 Nd7 27. Bg3
Bd6 28. Bxd6+ Qxd6 29. Be4 Nf6 30. Bxd5 Nxd5 31. Rd3 Rc8 32. g3 Qc6 33. Ne5 Qc1
34. Kg2 Qxd1 35. Rxd1 Rc3 36. Rd3 Rc7 37. Nc4 Ke7 38. Kf3 b5 39. axb5 axb5 40.
Ne3 Kd6 41. Nd1 Rc2 42. Ne3 Rc1 43. Nxd5 Kxd5 44. Ke2 Rc2+ 45. Ke3 g5 46. Rd1
b4 47. Rd3 f5 48. Rd1 Rc3+ 49. Rd3 Rc1 50. Rd2 Re1+ 51. Kd3 Rb1 52. Kc2 Ra1 53.
Kd3 Rb1 54. Kc2 Rh1 55. Kd3 Rxh3 56. Ke3 Rh1 57. Ra2 Re1+ 58. Kd3 Rd1+ 59. Ke3
Rb1 60. Ra5+ Kd6 61. Ra6+ Ke7 62. d5 exd5 63. Rxh6 Rxb3+ 64. Kd4 Rf3 65. Rb6
Rxf2 66. Rxb4 Re2 67. Kxd5 Kf6 68. Rb6+ Kg7 69. Kd4 Kf7 70. Rc6 Re4+ 71. Kd5
Re3 72. Kd4 Rxg3 73. Ke5 f4 74. Rc7+ Kg6 75. Rc6+ Kh5 76. Kf5 Rg1 77. Rc8 Kh4
78. Rh8+ Kg3 79. Kxg5 f3 80. Ra8 f2 81. Ra3+ Kh2+ 82. Kh4 f1=Q 0-1

[Event "L. Polugaevsky Memorial 2012"]
[Site "Samara"]
[Date "2012.07.12"]
[Round "8.31"]
[White "Sinyanskiy, Maxim"]
[Black "Shaydullina, Sandugach"]
[Result "0-1"]
[WhiteElo "1753"]
[BlackElo "2160"]
[PlyCount "94"]
[EventDate "2012.07.05"]

1. e4 c5 2. Nf3 e6 3. d3 Nc6 4. g3 d5 5. e5 Nge7 6. Bf4 Ng6 7. Bg2 Nxf4 8. gxf4
Qb6 9. Qc1 Bd7 10. c3 O-O-O 11. Nbd2 Kb8 12. Qc2 f6 13. O-O-O fxe5 14. Nxe5
Nxe5 15. fxe5 Qa6 16. b3 Be8 17. c4 Bg6 18. a4 Be7 19. h4 Rhf8 20. h5 Bf5 21.
Qc3 Bg5 22. Kb2 Bg4 23. f3 Be3 24. Qc2 Bf5 25. Rde1 Bd4+ 26. Ka2 g5 27. f4 gxf4
28. Nf3 Be3 29. Nh4 Bg4 30. Bf3 Rg8 31. Bxg4 Rxg4 32. Ng2 d4 33. Nxe3 dxe3 34.
Rhg1 Rxg1 35. Rxg1 f3 36. d4 f2 37. Rh1 cxd4 38. Qd3 Qc6 39. Rb1 Qg2 40. Ka3
Qg4 41. Qxh7 e2 42. Qe7 Qg8 43. h6 f1=Q 44. Rb2 Qgf8 45. b4 Qxe7 46. h7 Qxh7
47. b5 Qa1+ 0-1